Otevřená metoda koordinace jako nástroj v evropském vládnutí

Otvorená metóda koordinácie (OMK) získává v rámci vládnutia v Európskej únii na dôležitosti vzhľadom k jej rozširujúcemu sa využitiu v rôznych oblastiach. OMK však nie je dostatočne ukotvená právne, politicky, ani z hľadiska prístupov k novým spôsobom vládnutia.

Enregistré dans:
Détails bibliographiques
Auteur principal: Lapšanská, Veronika
Format: Chapitre de livre
Langue:tchèque
Sujets:
Tags: Ajouter un tag
Pas de tags, Soyez le premier à ajouter un tag!

MARC

LEADER 00000nla a2200000 4500
001 0231053
005 20240417075120.2
041 0 |a cze 
044 |a CZ 
245 1 0 |a Otevřená metoda koordinace jako nástroj v evropském vládnutí  |c Veronika Lapšanská 
520 |a Otvorená metóda koordinácie (OMK) získává v rámci vládnutia v Európskej únii na dôležitosti vzhľadom k jej rozširujúcemu sa využitiu v rôznych oblastiach. OMK však nie je dostatočne ukotvená právne, politicky, ani z hľadiska prístupov k novým spôsobom vládnutia. 
610 2 0 |a koordinácia 
610 2 0 |a Európska únia 
610 2 0 |a vláda 
610 2 0 |a moc politická 
610 2 0 |a legislatíva 
100 1 |a Lapšanská, Veronika